000 00467nam a2200169Ia 4500
003 GCL
008 140319s9999 xx 000 0 ara d
040 _aGCL /
_cGCL
082 0 4 _a813.03
_bض س
100 1 _aضياء الشرقاوى
245 1 0 _aسقوط رجل جاد /
_cضياء الشرقاوى
300 _a125 ص
490 _aالكتاب الماسى
_v0
650 0 4 _aالادب العربى
650 0 4 _aالقصة العربية
942 _2ddc
_cBK
999 _c41160
_d41160